000 01173cam a2200361 a 4500
001 4329
003 FISKH
005 20241101104705.0
008 020617s2003 nyua a 000 1 eng
010 _a 2002009255
020 _a0375821856 (pbk.)
020 _a0375921850 (lib.bdg.)
040 _aDLC
_cDLC
_dDLC
_beng
050 _aPZ8.H41347
082 _a514
100 1 _aHeling, Kathryn.
245 1 0 _aMouse's hide-and-seek words :
_ba phonics reader /
_cby Kathryn Heling & Deborah Hembrook ; illustrated by Patrick Joseph.
260 _aNew York :
_bRandom House,
_c2003.
300 _a32 pages :
_bcolor illustrations ;
_c23 cm
490 1 _aStep into reading ;
_vStep 1
505 _aE
520 _aBy dropping the first letter of a variety of words, Mouse makes several new rhyming words.
521 8 _a230
_bLexile
521 8 _aE
_bRaz-Plus
650 1 _aVocabulary
_vFiction.
650 1 _aMice
_vFiction.
650 1 _aStories in rhyme.
700 1 _aHembrook, Deborah.
_eAutor
700 1 _aJoseph, Patrick,
_d1961-
_eillustrator
906 _a7
_bcbc
_corignew
_d1
_eecip
_f20
_gy-gencatlg
942 _2ddc
_cBK
_n0
999 _c4329
_d4329